[Event "CRO-chT2 East"]
[Site "Osijek"]
[Date "2013.04.20"]
[Round "2.34"]
[White "Mesko, Andrej"]
[Black "Cekic, Milenko"]
[Result "1-0"]
[WhiteElo "2026"]
[BlackElo "1892"]
[PlyCount "101"]
[EventDate "2013.04.20"]
[EventType "team-tourn"]
[EventRounds "11"]
[EventCountry "CRO"]
[SourceTitle "EXT 2023"]
[Source "ChessBase"]
[SourceDate "2022.10.05"]
[SourceVersion "1"]
[SourceVersionDate "2022.10.05"]
[SourceQuality "1"]

1. d4 d5 2. c4 e6 3. Nc3 Nf6 4. Nf3 Be7 5. e3 c6 6. Bd3 0-0 7. 0-0 Nbd7 8. b3 a6 9. Qe2 Bb4 10. Bb2 Bxc3 11. Bxc3 Ne4 12. Bb2 f5 13. Ne5 Re8 14. f3 Nef6 15. Nxd7 Bxd7 16. e4 g6 17. Qe3 Nh5 18. g4 Ng7 19. Qh6 Qe7 20. Kh1 Rf8 21. gxf5 exf5 22. exd5 cxd5 23. Rae1 Qd6 24. cxd5 Rfe8 25. Re5 b5 26. Qf4 Qf6 27. Rfe1 b4 28. Bc4 Bb5 29. d6+ Bxc4 30. bxc4 g5 31. Qd2 Qxd6 32. Qxg5 Rxe5 33. Rxe5 Qc6 34. d5 Qg6 35. Qxg6 hxg6 36. d6 Rd8 37. c5 Rd7 38. Rd5 Ne8 39. Be5 Kf7 40. c6 Rd8 41. c7 Nxc7 42. dxc7 Rxd5 43. c8Q Rxe5 44. Qxa6 Re1+ 45. Kg2 Rb1 46. h4 Kg7 47. Qc4 Kh7 48. Kg3 Rb2 49. Kf4 Rh2 50. Kg5 Rg2+ 51. Kf6 1-0

[Event "Zupanja op-B 13th"]
[Site "Zupanja"]
[Date "2007.01.05"]
[Round "3"]
[White "Firi, Kazimir"]
[Black "Cekic, Milenko"]
[Result "0-1"]
[WhiteElo "2092"]
[BlackElo "1887"]
[PlyCount "43"]
[EventDate "2007.01.03"]
[EventType "swiss"]
[EventRounds "9"]
[EventCountry "CRO"]
[SourceTitle "CBM 116 Extra"]
[Source "ChessBase"]
[SourceDate "2007.03.07"]
[SourceVersion "1"]
[SourceVersionDate "2007.03.07"]
[SourceQuality "1"]

1. d4 d5 2. Nf3 Nf6 3. Bf4 Bf5 4. e3 e6 5. Bd3 Bxd3 6. Qxd3 c6 7. 0-0 Be7 8. h3 0-0 9. Nbd2 Nbd7 10. c4 Nh5 11. Bh2 Nhf6 12. Rac1 c5 13. a3 Rc8 14. Ne5 cxd4 15. exd4 dxc4 16. Ndxc4 Nxe5 17. Nxe5 Qd5 18. Rfd1 Rfd8 19. Nf3 h6 20. Rc2 Rc6 21. Rdc1 Rdc8 22. Rc4 0-1

[Event "CRO-chT3 East-B"]
[Site "Croatia"]
[Date "2005.03.13"]
[Round "1.3"]
[White "Cekic, Milenko"]
[Black "Jovic, Cedomir"]
[Result "1/2-1/2"]
[WhiteElo "1971"]
[BlackElo "2086"]
[PlyCount "32"]
[EventDate "2005.03.13"]
[EventType "team-tourn"]
[EventRounds "11"]
[EventCountry "CRO"]
[SourceTitle "EXT 2007"]
[Source "ChessBase"]
[SourceDate "2006.11.23"]
[SourceVersion "1"]
[SourceVersionDate "2006.11.23"]
[SourceQuality "1"]
[WhiteTeam "Negoslavci"]
[BlackTeam "Trpinja Triglav"]
[WhiteTeamCountry "CRO"]
[BlackTeamCountry "CRO"]

1. e4 c5 2. Nf3 Nc6 3. d4 cxd4 4. Nxd4 Nf6 5. Nc3 g6 6. Be3 Bg7 7. f3 0-0 8. Qd2 d5 9. 0-0-0 dxe4 10. Nxe4 Nxe4 11. fxe4 Bg4 12. Nf3 Qxd2+ 13. Rxd2 Bxf3 14. gxf3 Rfd8 15. Bb5 Rxd2 16. Bxd2 Nd4 1/2-1/2